00771nac a22002291u 4500020001700000082001800017090001500035100003400050245007000084250001400154260004500168300002400213500002600237504004100263511002400304650001800328650002000346700001600366942002100382999001500403952012300418 a8175810734 : a839.8226bIBS c9390d9390 aIbsen, Henrik 12aA doll's house : [A critical study] /cHenrik Ibsen ; Ramji Lall. a19 th ed. aNew Delhi :bRama brothers,2006.cc2006. ax, 252 p. :c21 cm. aDistributer: Al-Ahram aIncludes bibliographical references. aCatalogued by: Sara aIbsen, Henrik aEnglish Fiction1 aLall, Ramji cBBk839.8226 IBS c9390d9390 00104070aMAINbMAINc2NDd2008-05-06ePurchasel4m13o839.8226 IBSp000011073r2025-07-15 00:00:00s2021-08-02yBB